Wastewater engineering : (Record no. 1703)
[ view plain ]
| 000 -LEADER | |
|---|---|
| fixed length control field | 00493 a2200145 4500 |
| 020 ## - INTERNATIONAL STANDARD BOOK NUMBER | |
| International Standard Book Number | 0070418780 (alk. paper) |
| 020 ## - INTERNATIONAL STANDARD BOOK NUMBER | |
| International Standard Book Number | 0071122508 (ISE) |
| 082 ## - DEWEY DECIMAL CLASSIFICATION NUMBER | |
| Classification number | 628.3 MET |
| 245 ## - TITLE STATEMENT | |
| Title | Wastewater engineering : |
| Remainder of title | treatment and reuse / |
| Statement of responsibility, etc. | Metcalf & Eddy, Inc. |
| 250 ## - EDITION STATEMENT | |
| Edition statement | 4th ed. / |
| Remainder of edition statement | revised by George Tchobanoglous, Franklin L. Burton, H. David Stensel. |
| 260 ## - PUBLICATION, DISTRIBUTION, ETC. | |
| Place of publication, distribution, etc. | Boston : |
| Name of publisher, distributor, etc. | McGraw-Hill, |
| Date of publication, distribution, etc. | 2003. |
| 300 ## - PHYSICAL DESCRIPTION | |
| Extent | xxviii, 1819 p. : |
| Other physical details | ill. ; |
| Dimensions | 24 cm. |
| 650 ## - SUBJECT ADDED ENTRY--TOPICAL TERM | |
| Topical term or geographic name entry element | Sewerage. |
| 650 ## - SUBJECT ADDED ENTRY--TOPICAL TERM | |
| Topical term or geographic name entry element | Sewage disposal. |
| 650 ## - SUBJECT ADDED ENTRY--TOPICAL TERM | |
| Topical term or geographic name entry element | Water reuse. |
| Withdrawn status | Lost status | Damaged status | Not for loan | Permanent Location | Current Location | Shelving location | Date acquired | Total Checkouts | Full call number | Barcode | Date last seen | Price effective from | Koha item type | Source of classification or shelving scheme | Date last checked out |
|---|---|---|---|---|---|---|---|---|---|---|---|---|---|---|---|
| Institute of Environmental Science and Engineering (IESE) | Institute of Environmental Science and Engineering (IESE) | 03/30/2022 | 2 | 628.3 MET | IESE-910 | 09/12/2022 | 03/30/2022 | 09/12/2022 | |||||||
| School of Civil and Environmental Engineering (SCEE) | School of Civil and Environmental Engineering (SCEE) | 628.3 MET | NIT-964 | 01/05/2017 | 01/05/2017 | Book | |||||||||
| School of Civil and Environmental Engineering (SCEE) | School of Civil and Environmental Engineering (SCEE) | NIT-965 | 01/05/2017 | 01/05/2017 | Book |
